000
00341nam a2200133 a 4500
005
20140414093843.0
008
090422s19uu xx uuu eng d
050
_a
VCD 791.43
_b
ODY 2003
100
_a
Konchalovsky, Andrei
245
_a
The Odyssey /
_c
Andrei Konchalovsky.
650
_a
Motion pictures.
942
_c
AVM
999
_c
109435
_d
109435